000 00431nam a2200157Ia 4500
003 OSt
005 20230529162133.0
008 211028s2015 xx 000 0 und d
040 _cAIMIT LIBRARY
041 _aeng
100 _aTendolkar, Kedar Laxman; D'Souza, Manibhushan.
_98610
_e131928
110 _aManibhushan D'Souza
_98611
245 _aFully responsive admin dashboard.
260 _aMangalore
_c2015
942 _2ddc
_cPRO
999 _c219974
_d219974